00809cam a22002297a 4500003000500000005001700005008004100022010000800063011000900071035000800080040000900088082002100097110005700118245017300175260002300348300003000371490003300401500004800434650004200482650002200524830003300546CHAP20220817040816.0971013s1986 fr r 00010 eng d a677 a1649 a825 cCHAP10a630.2bF46 v.3622 aFAO. General Fisheries Council for the Mediterranean10aReport of the technical consultation of the general fisheries council for the mediterranean on the mathods of evaluating small cale fisheries in the western mediterrean aRome :bFAO,c1986 a159 p.b: ilus.; gráfs. 0aFAO. Informe de pescav; 362 aEdición trilingüe (francés, inglés)14aPesqueríazRegión Mediterránea.14aRecursos marinos.0 aFAO. Informe de pescav; 362